Inside organizational communication (Record no. 345559)

000 -LEADER
fixed length control field 00411 a2200169 4500
003 - CONTROL NUMBER IDENTIFIER
control field OSt
005 - DATE AND TIME OF LATEST TRANSACTION
control field 20180116182748.0
008 - FIXED-LENGTH DATA ELEMENTS--GENERAL INFORMATION
fixed length control field 160624b xxu||||| |||| 00| 0 eng d
040 ## - CATALOGING SOURCE
Transcribing agency 0
082 ## - DEWEY DECIMAL CLASSIFICATION NUMBER
Classification number 658.4519 REU 1998
100 ## - MAIN ENTRY--PERSONAL NAME
Personal name Carol Reuss
245 ## - TITLE STATEMENT
Title Inside organizational communication
Statement of responsibility, etc. Carol Reuss
250 ## - EDITION STATEMENT
Edition statement 2nd
260 ## - PUBLICATION, DISTRIBUTION, ETC.
Date of publication, distribution, etc. 1998
300 ## - PHYSICAL DESCRIPTION
Extent 368 p.
Other physical details HB
942 ## - ADDED ENTRY ELEMENTS (KOHA)
Institution code [OBSOLETE] NBS
Koha item type Book
Call number prefix 658.4519 REU
Source of classification or shelving scheme
Holdings
Withdrawn status Lost status Source of classification or shelving scheme Damaged status Not for loan Permanent Location Current Location Date acquired Full call number Barcode Date last seen Price effective from Koha item type Total Checkouts
          Central Library (CL) Central Library (CL) 08/28/2013 658.4519 INS NBSD-904 06/24/2016 08/28/2013 Book  
          Central Library (CL) Central Library (CL) 08/28/2013 658.4519 INS NBSD-902 08/28/2013 08/28/2013 Book  
          Central Library (CL) Central Library (CL) 08/28/2013 658.4519 INS NBSD-903 08/28/2013 08/28/2013 Book  
          Central Library (CL) Central Library (CL) 06/12/2024 658.4519 INS NBSD-905 06/12/2024 06/12/2024 Book  
© 2023 Central Library, National University of Sciences and Technology. All Rights Reserved.